Регионална библиотека "Любен Каравелов" - Русе

Проиграна борба (Запис номер 33808)

MARC детайли
000 -Лидер
Контролно поле с фиксирана дължина 01707nam a2200373 c 4500
003 - Код на организацията, давaща контролен номер
Контролно поле BLK
005 - Дата и час на последна редакция
Контролно поле 20230515141301.0
008 - Елементи от данни с фиксирана дължина
fixed length control field 180408b bul|||||r ||||||| ||bul||
010 ## - Наследен системен номер
LC control number KNG00036501000
020 ## - Международен стандартен номер на книга ISBN
Международен стандартен номер на книга ISBN 954-8210-42-8
-- издат.: Съюз на писателите земеделци
040 ## - Източник на каталожния запис
Идентификатор на билиотеката - собственик на записа BLK
041 ## - Код за език
Код за езика на текст/звукозапис или на отделно заглавие Български
Код за езика КДБФ Български
072 #7 - Код за тематичната категория
Код организация bullib
Код за тематична категория К
Текст Краезнание
080 ## - УДК
Текстов определител УДК Политически партии и движения
УДК код - определител по УДК 329
УДК определител (497.2)БЗНС(092)(093.3)
УДК - код + определител 329(497.2)БЗНС(092)(093.3)
080 ## - УДК
Текстов определител УДК
УДК код - определител по УДК 929 Хорозов, Крум Кънчев
УДК определител
УДК - код + определител 929 Хорозов, Крум Кънчев
139 ## - Редно поле
Редна дума Хорозов, Крум Кънчев
Авторски знак Хоро - Х 69
245 10 - Сведения за заглавието
Заглавие Проиграна борба
Подзаглавни данни Факти и док.
Редно поле (дума) авт.-състав. Крум Кънчев Хорозов.
257 ## - Страна на издаване
Страна на създаване/издаване България
260 ## - Област на издателските данни
-- София
Име на издателя, разпространителя и проч. Съюз на писателите земеделци
Година на издаване 2001
Печатница Русе : Лени Ан
300 ## - Физическа характеристика
Страници 295 с.
Илюстрации и др. с портр., факс., ил.
Размери/Мащаб 20 см
380 ## - Жанр
Жанр Обществени науки
500 ## - Общи забележки
Забележка За дейността на Милан Дренчев, Анастасия Мозер, Георги Пинчев, Петко Илиев, главни секретари на БЗНС. - Изд. е продълж. на кн. Озарението, 1999.
600 14 - Име на лице, използвано като предмет
За него / За нея Хорозов, Крум Кънчев
Свързани дати 1925-2017
9 (RLIN) 366025
650 #4 - Допълнително описание по предмет – тема
Основно описание – тема или топоним БЗНС - история
9 (RLIN) 245934
653 ## - Ключова дума – ненормативна
Ключова дума БЗНС
653 ## - Ключова дума – ненормативна
Ключова дума дейци
659 ## - Тематичен бюлетин
Тематичен бюлетин К
700 1# - Други автори (авторска отговорност)
Лично име Хорозов, Крум Кънчев
Дати, свързани с автора 1925-2017
Автороска отговорност (Описва отношението между автора и произведението) авт.-състав.
9 (RLIN) 366025
852 ## - Местоположение
Форматна сигнатура Цб 208929
856 4# - Електронен адрес и достъп
Електронен формат pdf - файл
Път до файла /url/
856 4# - Електронен адрес и достъп
Електронен формат pdf - файл
Път до файла /url/
942 ## - АРТИКУЛИ
Вид на библиотечния материал Книги
Скрит в OPAC Не
944 ## - СЪЗДАВАНЕ И РЕДАКЦИЯ на ЗАПИСА
Създаване/Редакция Създаване
Дата на регистрацията/редакция 15.01.2003
Служител, извършил регистрацията/редакцията Валя_Йорданова
944 ## - СЪЗДАВАНЕ И РЕДАКЦИЯ на ЗАПИСА
Създаване/Редакция Редакция
Дата на регистрацията/редакция 27.05.2014
Служител, извършил регистрацията/редакцията
999 ## - СИСТЕМНИ КОНТРОЛНИ НОМЕРА
Koha biblionumber 33808
Koha biblioitemnumber 33808
Наличности
Код за отписване Код за изгубен артикул Източник на класификационната схема Код за повреда Коз за рестрикции Код за отдаване Артикулен № Име на библиотеката - собственик Име на библиотеката, в която се намира в момента Статус (Текущо местоположение) Дата на вписване в системата Местоположение - отдел Цена в лева Номерация (Хронология) Инвентарен номер Систематично азбучна сигнатура Баркод Номер на екземпляра Цена в евро Служебен тип на артикула Служебна бележка
  Не е изгубен Universal Decimal Classification Не е повреден без рестрикции ползва се в читалня 53831 Регионална библиотека "Любен Каравелов" Русе Регионална библиотека "Любен Каравелов" Русе Хранилище 2001-01-01 Основен фонд - ползва се само за читалня 4.00 Автограф: Крум Хорозов 664240 Цб 208929 120000664240 1 2.05 Книги  
  Не е изгубен Universal Decimal Classification Не е повреден без рестрикции ползва се в читалня 53832 Регионална библиотека "Любен Каравелов" Русе Регионална библиотека "Любен Каравелов" Русе Краезнание 2001-01-01 Краезнание 4.00   664242 К 329(497.2)/Х 69 120000664242 2 2.05 Книги Дата инв: 13.11.2017 Бележки инв: К2017
  Не е изгубен Universal Decimal Classification Не е повреден без рестрикции ползва се в читалня 53833 Регионална библиотека "Любен Каравелов" Русе Регионална библиотека "Любен Каравелов" Русе Хранилище 2001-01-01 Хранилище 0.00   665791 Цб 208929 120000665791 3 0.00 Книги Дост: Dp Вид: Д N: 24 Дата: 01.01.2001
Изтеглен Не е изгубен Universal Decimal Classification Не е повреден без рестрикции заемане за дома 53834 Регионална библиотека "Любен Каравелов" Русе Регионална библиотека "Любен Каравелов" Русе Заемна - подръчен фонд 2012-03-23 Заемна - подръчен фонд 8.00   120000756645 П 329(497.2)/Х 69 120000756645 4 4.09 Книги Дост: DA Вид: А N: 5 Дата: 23.03.2012 Дата инв: 02.02.2018 Бележки инв: П2018
Vip Innovations Ltd, Rousse, Bulgaria 2025